Comentarios al código civil y compilaciones forales

Uloženo v:
Podrobná bibliografie
Hlavní autor: Albaladejo García, Manuel (Autor)
Korporativní autor: Revista de Derecho Privado (Autor)
Médium: Kniha
Jazyk:španělština
Vydáno: Madrid Revista de Derecho Privado 1984
Témata:
Tagy: Přidat tag
Žádné tagy, Buďte první, kdo vytvoří štítek k tomuto záznamu!

MARC

LEADER 00000nam a2200000 a 4500
001 UCS1597
003 CL-VaPUC
008 970515e19840000SP |||||||||||||||||spa|d
082 0 4 |a 346.46  |b ALB  |2 21 
100 0 |a Albaladejo García, Manuel  |e author  |9 386169 
110 2 |a Revista de Derecho Privado  |e author  |9 386170 
245 1 0 |a Comentarios al código civil y compilaciones forales 
300 |a v 
942 |c BK 
945 |d 19970515 00:00:00  |a cmena 
260 |a Madrid  |b Revista de Derecho Privado  |c 1984 
500 |a t.18 v.2: Artículos 1.344 a 1.410 del Código Civil 
650 0 |a Derecho civil  |9 255013 
650 0 |a Derecho español  |9 255291 
650 0 |a Código civil  |9 256135 
650 0 |a Sociedades  |9 259052 
650 7 |a MATRIMONIO  |2 CL-VaPUC  |9 386171 
650 0 |a Regímenes matrimoniales  |9 357525 
650 0 |a Bienes  |9 255749 
650 7 |a DEBERES CONYUGALES  |2 CL-VaPUC  |9 386172 
650 7 |a BIENES GANANCIALES  |2 CL-VaPUC  |9 333667 
651 0 |a España  |9 254926 
583 |a last modification  |c 19970515 00:00:00  |k Rodrigo Vera 
999 |c 259634  |d 259632 
952 |0 0  |1 0  |4 0  |6 346_460000000000000_ALB_1984  |7 0  |8 A  |9 284761  |a BIBDER  |b BIBDER  |d 2019-11-19  |h t.18 v.2  |i 1851861  |o 346.46 ALB 1984  |p 1851861  |r 2019-11-19  |w 2019-11-19  |y BK  |k DER